Grey Room
محفوظ في:
التنسيق: دورية
اللغة: Undetermined
منشور في:
JSTOR
The MIT Press
الموضوعات:
الوصول للمادة أونلاين: Login to view Source
الوسوم: إضافة وسم
لا توجد وسوم, كن أول من يضع وسما على هذه التسجيلة!
رقم الطلب:
| LEADER | 00493nas a2200181Ia 4500 | ||
|---|---|---|---|
| 008 | 220214c99999999xx |||||||||||| ||und|| | ||
| 022 | |a 1526-3819 | ||
| 022 | |a 1536-0105 | ||
| 245 | 0 | 0 | |a Grey Room |
| 264 | 1 | |b JSTOR | |
| 264 | 1 | |b The MIT Press | |
| 362 | 0 | |a (2000)-(2015) | |
| 653 | 1 | 0 | |a Art & Art History |
| 653 | 1 | 0 | |a Arts |
| 856 | 4 | 0 | |u https://www.jstor.org/journal/greyroom |
| 942 | |c JL | ||
| 952 | |0 0 |1 0 |4 0 |7 1 |9 35090 |a JSR |b JSR |d 2022-02-14 |l 0 |r 2022-02-14 00:00:00 |w 2022-02-14 |y JL | ||
| 999 | |c 43423 |d 43423 | ||
